6- Jedzenie: część 1/5 - Statystyki

Ogólne statystyki
  • Ten quiz został rozwiązany 64 razy
  • Średni wynik to 29 z 52
Statystyki odpowiedzi
Hint Odpowiedź % Poprawnych
jabłka apples
97%
banany bananas
93%
kurczak chicken
93%
ryba fish
93%
woda water
91%
mięso meat
90%
sok pomarańczowy orange juice
88%
herbata tea
88%
ser cheese
86%
Kawa coffee
86%
owoce fruit
84%
lody ice cream
84%
Ryż rice
84%
gruszki pears
83%
masło butter
81%
ciasto cake
81%
szynka ham
81%
truskawki strawberries
81%
warzywa vegetables
81%
ziemniaki potatoes
76%
jogurt yoghurt
76%
napoje drinks
72%
grzyby mushrooms
71%
wołowina beef
66%
desery desserts
66%
mąka flour
57%
indyk turkey
57%
orzechy nuts
52%
kapusta cabbage
48%
jagnięcina lamb
48%
sałata lettuce
48%
butelka ketchupu a bottle of ketchup
47%
fasola beans
47%
owoce morza seafood
43%
ośmiornica octopus
40%
groszek peas
40%
puszka coli a can of cola
33%
kawałek pizzy a slice of pizza
33%
drób poultry
29%
sardynki sardines
29%
homar lobster
28%
dorsz cod
26%
pudełko płatków śniadaniowych a box of cereal
24%
słoik kawy a jar of coffee
24%
Bochenek chleba a loaf of bread
24%
worek cukru a bag of sugar
22%
nabiał dairy products
17%
karton soku pomarańczowego a carton of orange juice
16%
pojemniki containers
16%
produkty żywieniowe food products
14%
krewetki prawns
14%
opakowanie spagetti a packet of spaghetti
0%
Nie znaleziono quizów pasujących do podanych kryteriów
Rozkład punktacji
Procent ludzi z każdym wynikiem
Percentyl według liczby udzielonych odpowiedzi
Twoja historia wyników
Nie rozwiązałeś tego quizu